[Event "Campeonato Pan-Americano Sub-20 Absoluto"]
[Site "CXSP, São Paulo"]
[Date "2012.06.30"]
[Round "3.12"]
[White "Olivares Olivares, Claudio"]
[Black "Nolasco, Vitor"]
[Result "1/2-1/2"]
[WhiteElo "2251"]
[BlackElo "1918"]
[PlyCount "72"]
[EventDate "2012.06.29"]

1. e4 c6 2. d4 d5 3. Nc3 dxe4 4. Nxe4 Bf5 5. Ng3 Bg6 6. Bc4 Nf6 7. N1e2 e6 8.
Nf4 Nd5 9. Nxg6 hxg6 10. Qf3 Nd7 11. Bd2 N7f6 12. Bb3 Be7 13. O-O-O a5 14. c3
Qc7 15. h4 a4 16. Bc2 a3 17. b3 O-O-O 18. h5 gxh5 19. Nxh5 Nxh5 20. Rxh5 Rxh5
21. Qxh5 Bf6 22. c4 Nf4 23. Qc5 Bxd4 24. Qxa3 Be5 25. Qa8+ Qb8 26. Qxb8+ Bxb8
27. g3 Nd3+ 28. Bxd3 Rxd3 29. Kc2 Rf3 30. Be3 Bxg3 31. Rf1 Bf4 32. Bb6 g5 33.
a4 Bc7 34. Be3 Bf4 35. Bb6 Bc7 36. Be3 Bf4 1/2-1/2

[Event "Campeonato Pan-Americano Sub-20 Absolut"]
[Site "CXSP, São Paulo"]
[Date "2012.06.30"]
[Round "3.13"]
[White "De Carvalho, Igor Lorenzon"]
[Black "Finol Berrueta, David Emmanuel"]
[Result "1/2-1/2"]
[WhiteElo "1867"]
[BlackElo "2210"]
[PlyCount "73"]
[EventDate "2012.06.29"]

1. d4 Nf6 2. Nf3 g6 3. c4 Bg7 4. Nc3 d6 5. Bf4 O-O 6. h3 Nbd7 7. e3 c5 8. Be2
a6 9. d5 Rb8 10. O-O Ne8 11. Qc2 Ne5 12. Bh2 Nxf3+ 13. Bxf3 b5 14. Be2 Nc7 15.
e4 bxc4 16. Bxc4 Nb5 17. Ne2 Qb6 18. Rab1 Bd7 19. f4 Rb7 20. Kh1 Qa5 21. a4 Nd4
22. Nxd4 Bxd4 23. b3 Qb6 24. Bg1 Bxg1 25. Kxg1 a5 26. Rbe1 Rc7 27. f5 Bc8 28.
Qd3 Ba6 29. Bxa6 c4+ 30. Qe3 Qxa6 31. bxc4 Rxc4 32. f6 exf6 33. Rxf6 Rfc8 34.
Qf4 Qa7+ 35. Kh2 Rxa4 36. Rf1 Rf8 37. Rxd6 1/2-1/2

[Event "Campeonato Pan-Americano Sub-20 Absoluto"]
[Site "CXSP, São Paulo"]
[Date "2012.06.30"]
[Round "3.14"]
[White "Proudian, Armen"]
[Black "Jonas, Tiago Filipe Da Silv"]
[Result "1-0"]
[WhiteElo "2147"]
[BlackElo "1848"]
[PlyCount "189"]
[EventDate "2012.06.29"]

1. e4 c5 2. Nf3 g6 3. d4 cxd4 4. Nxd4 Nc6 5. Nc3 Bg7 6. Be3 Nf6 7. Bc4 O-O 8.
Bb3 a5 9. O-O Ng4 10. Qxg4 Nxd4 11. Rfd1 d6 12. Qg3 Nxb3 13. axb3 Bd7 14. f3
Rc8 15. Bd4 b5 16. Bxg7 Kxg7 17. Qf2 b4 18. Nd5 Rc6 19. c3 e6 20. Qd4+ f6 21.
Ne3 bxc3 22. bxc3 Qc8 23. Rxa5 Rxc3 24. Nc4 Rxb3 25. Nxd6 Qc6 26. Ra7 Kg8 27.
Nc4 Rf7 28. Na5 e5 29. Qf2 Rd3 30. Rb1 Qd6 31. h3 Rd1+ 32. Rxd1 Qxd1+ 33. Kh2
Be6 34. Ra8+ Kg7 35. Nc6 Qd6 36. Nd8 Rd7 37. Nxe6+ Qxe6 38. Qc5 Qe7 39. Qc8 Qf7
40. Qh8+ Kh6 41. Ra6 Qg7 42. Qc8 Qe7 43. Rxf6 Qxf6 44. Qxd7 Qf4+ 45. Kg1 Qe3+
46. Kf1 Qc1+ 47. Kf2 Qc5+ 48. Kg3 Qe3 49. Qd6 Qf4+ 50. Kf2 Qh4+ 51. g3 Qxh3 52.
Qf8+ Kg5 53. Qe7+ Kh6 54. Qxe5 Qh2+ 55. Ke3 Qg1+ 56. Kf4 Qc1+ 57. Kg4 Qc8+ 58.
Kh4 Qd8+ 59. Kh3 Qd7+ 60. g4 Qd3 61. Kg3 Qf1 62. Qb2 Qg1+ 63. Qg2 Qd4 64. Qf2
Qe5+ 65. Kg2 Qf4 66. Qe2 Qe5 67. Qd2+ g5 68. Qd8 Qb2+ 69. Kh3 Qa1 70. Qf8+ Kg6
71. Qd6+ Kg7 72. Kg2 Qb2+ 73. Kg3 Qc3 74. Kf2 Qc2+ 75. Ke3 Qc3+ 76. Qd3 Qe1+
77. Kd4 Qb4+ 78. Qc4 Qd6+ 79. Ke3 Qf4+ 80. Ke2 Qh2+ 81. Kd3 Qf4 82. Qd4+ Kg6
83. Qb6+ Kg7 84. Qe3 Qc7 85. Qxg5+ Kh8 86. Qf6+ Kg8 87. Qe6+ Kh8 88. e5 Qa5 89.
Qf5 Qa3+ 90. Ke2 Qb2+ 91. Kf1 Qc1+ 92. Kg2 Qd2+ 93. Kh3 Qh6+ 94. Kg3 Kg8 95. e6
1-0

[Event "Campeonato Pan-Americano Sub-20 Absoluto"]
[Site "CXSP, São Paulo"]
[Date "2012.06.30"]
[Round "3.15"]
[White "Mandetta, Joao Danilo"]
[Black "Oliveira, Guilherme Martins G"]
[Result "1/2-1/2"]
[WhiteElo "2132"]
[BlackElo "1729"]
[PlyCount "45"]
[EventDate "2012.06.29"]

1. c4 e5 2. g3 Nf6 3. Bg2 d6 4. Nc3 Nbd7 5. Nf3 c6 6. d3 Be7 7. O-O O-O 8. Rb1
d5 9. cxd5 cxd5 10. Nxd5 Nxd5 11. b3 f6 12. Bb2 N7b6 13. Qd2 Be6 14. Rfc1 Qd6
15. Qa5 Rfc8 16. Nd2 Qb4 17. Rxc8+ Bxc8 18. Bc3 Qxa5 19. Bxa5 Be6 20. Rc1 Rc8
21. Rxc8+ Nxc8 22. Nf1 b6 23. Bd2 1/2-1/2

[Event "Campeonato Pan-Americano Sub-20 Absoluto"]
[Site "CXSP, São Paulo"]
[Date "2012.06.30"]
[Round "3.16"]
[White "Goncalves, Ivan Mesquita V"]
[Black "Vasconcelos, Paulo Cesar Da S"]
[Result "1/2-1/2"]
[WhiteElo "2100"]
[BlackElo "1842"]
[PlyCount "126"]
[EventDate "2012.06.29"]

1. d4 f5 2. g3 d6 3. Nf3 Nf6 4. Bg2 g6 5. O-O Bg7 6. b3 O-O 7. Bb2 Qe8 8. c4
Nbd7 9. d5 h6 10. Nd4 Ng4 11. h3 Bxd4 12. Qxd4 Ngf6 13. Nd2 Ne5 14. f4 c5 15.
Qc3 Nf7 16. e4 fxe4 17. Nxe4 Nd8 18. Rae1 Qf7 19. g4 Qh7 20. Ng3 Bd7 21. a4 a6
22. a5 Rb8 23. Re3 b5 24. axb6 Rxb6 25. g5 hxg5 26. fxg5 Ne8 27. Rfe1 Rf7 28.
h4 Qxh4 29. Rxe7 Qd4+ 30. Qxd4 cxd4 31. Rxe8+ Bxe8 32. Rxe8+ Rf8 33. Bxd4 Rxb3
34. Rxf8+ Kxf8 35. Ne4 Nf7 36. Bf6 a5 37. c5 dxc5 38. Nxc5 Rb1+ 39. Kf2 Nd6 40.
Ne4 Nf5 41. Nc5 Nd6 42. Ke3 Re1+ 43. Kd2 Rg1 44. Bf3 Rf1 45. Ke2 Rc1 46. Ne4
Nf5 47. Kd2 Rb1 48. Bg4 a4 49. Bxf5 gxf5 50. Nc3 Rb2+ 51. Kc1 a3 52. d6 Ke8 53.
Na4 Rb4 54. g6 Kd7 55. g7 Rb8 56. Nc3 Kxd6 57. Kc2 f4 58. Kd3 Ke6 59. Bd4 Kf5
60. Nd5 Kg6 61. Ne7+ Kf7 62. g8=Q+ Rxg8 63. Nxg8 Kxg8 1/2-1/2

[Event "Campeonato Pan-Americano Sub-20 Absoluto"]
[Site "CXSP, São Paulo"]
[Date "2012.06.30"]
[Round "3.21"]
[White "Torres, Juan Camilo"]
[Black "Chiari, Arthur Gontijo"]
[Result "1-0"]
[WhiteElo "2337"]
[BlackElo "2008"]
[PlyCount "59"]
[EventDate "2012.06.29"]

1. d4 Nf6 2. c4 g6 3. Nf3 Bg7 4. Nc3 d5 5. Bf4 O-O 6. e3 c5 7. dxc5 Qa5 8. Rc1
dxc4 9. Bxc4 Qxc5 10. Bb3 Qa5 11. O-O Nc6 12. h3 Bf5 13. Qe2 Ne4 14. g4 Nxc3
15. bxc3 Bd7 16. Rfd1 Rad8 17. Rd5 Qa3 18. Rcd1 Be6 19. Rxd8 Nxd8 20. Qb5 Bxc3
21. Bh6 Bg7 22. Bxg7 Kxg7 23. Rxd8 Rxd8 24. Qe5+ Kg8 25. Bxe6 fxe6 26. Qxe6+
Kg7 27. Ng5 Qc1+ 28. Kg2 Qc5 29. Qf7+ Kh6 30. Ne4 1-0

[Event "Campeonato Pan-Americano Sub-20 Absoluto"]
[Site "CXSP, São Paulo"]
[Date "2012.06.30"]
[Round "3.23"]
[White "Cajahuanca Ramirez, Olindo"]
[Black "Barros, Guilherme Wang De Fa"]
[Result "0-1"]
[WhiteElo "1865"]
[BlackElo "2036"]
[PlyCount "64"]
[EventDate "2012.06.29"]

1. d4 Nf6 2. c4 g6 3. Nc3 Bg7 4. e4 d6 5. Nf3 O-O 6. Be2 e5 7. O-O Nc6 8. d5
Ne7 9. b4 Nh5 10. c5 Nf4 11. a4 Nxe2+ 12. Qxe2 f5 13. Ba3 f4 14. h3 Bf6 15. a5
g5 16. Nh2 Ng6 17. b5 Be7 18. Qc4 f3 19. Nxf3 Rxf3 20. gxf3 Bxh3 21. cxd6 cxd6
22. Rfc1 Qf8 23. Qd3 Nf4 24. Qe3 Qh6 25. Ne2 Bf1 26. Kxf1 Qh3+ 27. Ke1 Ng2+ 28.
Kd2 Nxe3 29. Ng1 Qd7 30. fxe3 Qxb5 31. Kd1 Qd3+ 32. Ke1 g4 0-1

[Event "Campeonato Pan-Americano Sub-20 Absoluto"]
[Site "CXSP, São Paulo"]
[Date "2012.06.30"]
[Round "3.24"]
[White "Gotz, Klaus Seiji Furucho"]
[Black "Japiassu, Ricardo De Villa Nov"]
[Result "1-0"]
[WhiteElo "1975"]
[BlackElo "1900"]
[PlyCount "77"]
[EventDate "2012.06.29"]

1. d4 Nf6 2. c4 c5 3. d5 b5 4. Nf3 g6 5. cxb5 a6 6. Qc2 d6 7. e4 Bg7 8. Nc3 O-O
9. a4 Nbd7 10. h3 Ne8 11. Be2 axb5 12. Bxb5 Ba6 13. Bxa6 Rxa6 14. O-O Nc7 15.
Nd2 Qb8 16. b3 Qb4 17. Bb2 Rb8 18. Ne2 Qb7 19. Bxg7 Kxg7 20. Rab1 Qc8 21. Nc3
Rab6 22. Nc4 Ra6 23. Na3 Nf6 24. Ncb5 Nfe8 25. Qc3+ Kg8 26. f4 Qb7 27. f5 Nxb5
28. Nxb5 f6 29. Qg3 Kg7 30. h4 Nc7 31. fxg6 hxg6 32. h5 g5 33. h6+ Kh7 34. Qh3
Nxb5 35. axb5 Qxb5 36. Qe6 Qe8 37. Rxf6 Ra2 38. Rf7+ Kg8 39. h7+ 1-0

[Event "Campeonato Pan-Americano Sub-20 Absoluto"]
[Site "CXSP, São Paulo"]
[Date "2012.06.30"]
[Round "3.26"]
[White "De Carvalho Machado, Fernando"]
[Black "Sergio Filho, Claudio Santos"]
[Result "0-1"]
[WhiteElo "1846"]
[BlackElo "1920"]
[PlyCount "42"]
[EventDate "2012.06.29"]

1. d4 Nf6 2. Nf3 g6 3. e3 d6 4. Be2 Bg7 5. O-O O-O 6. b3 c5 7. Bb2 e6 8. c4
cxd4 9. exd4 d5 10. c5 Nc6 11. a3 Ne4 12. b4 f5 13. Qc2 a6 14. Nbd2 g5 15. Nb3
g4 16. Nfd2 Qg5 17. Rab1 Nxd2 18. Qxd2 Qh5 19. Bc1 f4 20. h3 f3 21. hxg4 Qxg4
0-1

[Event "Campeonato Pan-Americano Sub-20 Absoluto"]
[Site "CXSP, São Paulo"]
[Date "2012.07.01"]
[Round "4.1"]
[White "Zavarce, Oscar Enrique"]
[Black "Leiva, Giuseppe"]
[Result "1/2-1/2"]
[WhiteElo "2192"]
[BlackElo "2232"]
[PlyCount "113"]
[EventDate "2012.06.29"]

1. e4 c5 2. Nf3 d6 3. d4 cxd4 4. Nxd4 Nf6 5. Nc3 a6 6. Bg5 Nbd7 7. Bc4 e6 8.
O-O h6 9. Bh4 Ne5 10. Be2 Be7 11. f4 Ned7 12. Bg3 Nc5 13. Bf3 d5 14. e5 Nfe4
15. Bxe4 Nxe4 16. Qg4 Bc5 17. Rad1 Nxc3 18. bxc3 g6 19. Bh4 Qc7 20. Bf6 Rg8 21.
Qh4 h5 22. Kh1 Bd7 23. Rf3 Bb5 24. Qg5 Kd7 25. Rg3 Bxd4 26. Rxd4 Rae8 27. f5
gxf5 28. Qxh5 Rxg3 29. Qxf7+ Kc8 30. Qxc7+ Kxc7 31. hxg3 Rg8 32. Kh2 Rg4 33.
Kh3 Be2 34. Rxg4 Bxg4+ 35. Kh4 Kd7 36. Kg5 Bd1 37. Kf4 Ke8 38. Kg5 Kf7 39. Bd8
Be2 40. Kf4 Bf1 41. Kf3 Kg6 42. a4 Kf7 43. Bb6 Ke7 44. Kf2 Bc4 45. Ke3 Bf1 46.
Kf2 Bc4 47. Ke3 Bf1 48. a5 Kd7 49. Kf2 Bb5 50. Ke3 Bf1 51. Kd4 Kc6 52. Bd8 Bxg2
53. c4 dxc4 54. Kxc4 Bf1+ 55. Kd4 Kb5 56. Bb6 Kb4 57. c3+ 1/2-1/2

[Event "Campeonato Pan-Americano Sub-20 Absoluto"]
[Site "CXSP, São Paulo"]
[Date "2012.07.01"]
[Round "4.2"]
[White "Gemy, Jose Daniel"]
[Black "Lopez, Jasel"]
[Result "1-0"]
[WhiteElo "2345"]
[BlackElo "2152"]
[PlyCount "47"]
[EventDate "2012.06.29"]

1. d4 Nf6 2. c4 e6 3. Nc3 Bb4 4. Qc2 d5 5. Nf3 Nbd7 6. a3 Bxc3+ 7. bxc3 c5 8.
e3 O-O 9. Bd3 Qc7 10. a4 b6 11. cxd5 exd5 12. O-O Bb7 13. a5 Rfe8 14. a6 Bc6
15. Ba3 g6 16. Rfe1 Kg7 17. Nd2 Ng4 18. Nf1 c4 19. Be2 h5 20. e4 Rxe4 21. f3
Ne3 22. Qc1 Re6 23. Nxe3 Rae8 24. Bf1 1-0

[Event "Campeonato Pan-Americano Sub-20 Absoluto"]
[Site "CXSP, São Paulo"]
[Date "2012.07.01"]
[Round "4.3"]
[White "Devescovi Parreira, Pedro Paulo"]
[Black "Henriquez Villagra, Cristobal"]
[Result "0-1"]
[WhiteElo "2085"]
[BlackElo "2324"]
[PlyCount "78"]
[EventDate "2012.06.29"]

1. d4 d5 2. c4 e6 3. cxd5 exd5 4. Nc3 c6 5. Qc2 Bd6 6. Nf3 Ne7 7. Bg5 f6 8. Bh4
Bf5 9. Qb3 Qb6 10. e3 Nd7 11. Bg3 Qxb3 12. axb3 Bb4 13. Be2 O-O 14. O-O Ng6 15.
Rfc1 Rfe8 16. Ne1 Bf8 17. h4 Be6 18. Nd3 Ne7 19. f3 Bf7 20. Bf2 Nf5 21. e4 dxe4
22. fxe4 Nd6 23. Bg4 f5 24. exf5 Nf6 25. Bh3 Nde4 26. Ne5 Nxf2 27. Kxf2 Bxb3
28. g4 c5 29. Nb5 cxd4 30. Nf3 d3 31. Bf1 Rad8 32. Nbd4 Bd5 33. Nd2 Ne4+ 34.
Ke3 Nxd2+ 35. Kxd2 Re4 36. Kxd3 Rxg4 37. Kc3 Rg3+ 38. Bd3 Be4 39. Rd1 Rc8+ 0-1

[Event "Campeonato Pan-Americano Sub-20 Absoluto"]
[Site "CXSP, São Paulo"]
[Date "2012.07.01"]
[Round "4.4"]
[White "Martinez Alcantara, Jose Eduard"]
[Black "Gaitan, Juan Manuel"]
[Result "1-0"]
[WhiteElo "2135"]
[BlackElo "2271"]
[PlyCount "97"]
[EventDate "2012.06.29"]

1. e4 e6 2. d4 d5 3. Nc3 Bb4 4. e5 c5 5. a3 Bxc3+ 6. bxc3 Qc7 7. Nf3 b6 8. a4
Ba6 9. Bb5+ Bxb5 10. axb5 Ne7 11. O-O O-O 12. Qe2 Rc8 13. dxc5 bxc5 14. c4 dxc4
15. Qxc4 Nd7 16. Qe4 Ng6 17. Re1 Qb6 18. c4 a6 19. Bd2 Ra7 20. bxa6 Rxa6 21.
Rxa6 Qxa6 22. h4 h6 23. g4 Nb6 24. h5 Ne7 25. Rc1 Qa4 26. Kh2 Qc6 27. Qf4 Rd8
28. Be3 Kf8 29. Nd2 Ke8 30. Ne4 g5 31. Nf6+ Kf8 32. Qe4 Qc7 33. f4 Nd7 34. Rf1
Ng8 35. Qh7 Nxe5 36. Qxg8+ Ke7 37. Qg7 Nxc4 38. Bc1 Nd2 39. Rf2 Nb3 40. Be3 Rd3
41. Qxh6 Rxe3 42. Qxg5 Kf8 43. h6 Qb7 44. Qg8+ Ke7 45. Qe8+ Kd6 46. Qf8+ Kc6
47. h7 Nd2 48. Rxd2 Qb1 49. Qc8+ 1-0

[Event "Campeonato Pan-Americano Sub-20 Absoluto"]
[Site "CXSP, São Paulo"]
[Date "2012.07.01"]
[Round "4.5"]
[White "Caetano, Hugo Zanotti Mendonc"]
[Black "Mendonca, Mateus Nakajo"]
[Result "1/2-1/2"]
[WhiteElo "2047"]
[BlackElo "2223"]
[PlyCount "144"]
[EventDate "2012.06.29"]

1. d4 d5 2. c4 c6 3. cxd5 cxd5 4. Nc3 Nc6 5. Nf3 Nf6 6. Bf4 Ne4 7. e3 Nxc3 8.
bxc3 g6 9. Bd3 Bg7 10. O-O O-O 11. h3 b6 12. Qe2 Bb7 13. Rfc1 Rc8 14. Rab1 Qd7
15. Bb5 Qf5 16. Bd3 Qe6 17. c4 dxc4 18. Bxc4 Qd7 19. Bb5 Qf5 20. Ba6 Bxa6 21.
Qxa6 Qa5 22. Qb7 Qxa2 23. Rb5 e5 24. Nxe5 Ne7 25. Rxc8 Nxc8 26. Rd5 a5 27. Nxf7
Ne7 28. Rd7 Rxf7 29. Rxe7 Rxe7 30. Qxe7 Bf8 31. Qd8 a4 32. Bd6 Qf7 33. Bxf8
Qxf8 34. Qxb6 Qa8 35. Qe6+ Kf8 36. d5 a3 37. d6 a2 38. Qf6+ Kg8 39. Qa1 Qd5 40.
d7 Qxd7 41. Qxa2+ Kg7 42. Qb2+ Kg8 43. Qd4 Qc7 44. g4 h6 45. Kg2 g5 46. e4 Kf7
47. Qd5+ Kf6 48. Qf5+ Kg7 49. e5 Qc6+ 50. Qf3 Qe6 51. Qe4 Kg8 52. Qd4 Qc6+ 53.
Kg3 Qh1 54. Qd8+ Kg7 55. Qf6+ Kh7 56. e6 Qg1+ 57. Kf3 Qh1+ 58. Ke2 Qe4+ 59. Kd2
Qb4+ 60. Kd3 Qb3+ 61. Kd2 Qd5+ 62. Kc3 Qc5+ 63. Kd3 Qb5+ 64. Ke3 Qb3+ 65. Ke2
Qc4+ 66. Kd2 Qd5+ 67. Kc3 Qc5+ 68. Kb2 Qb5+ 69. Ka1 Qa4+ 70. Kb1 Qb3+ 71. Kc1
Qc4+ 72. Kd2 Qd5+ 1/2-1/2

[Event "Campeonato Pan-Americano Sub-20 Absoluto"]
[Site "CXSP, São Paulo"]
[Date "2012.07.01"]
[Round "4.6"]
[White "Barbosa, Evandro Amorim"]
[Black "Maranhao, Jose Renato Ruiz"]
[Result "1-0"]
[WhiteElo "2401"]
[BlackElo "2090"]
[PlyCount "79"]
[EventDate "2012.06.29"]

1. e4 e5 2. Nf3 Nc6 3. Bb5 Nf6 4. O-O Bc5 5. c3 O-O 6. d4 Bb6 7. Bg5 h6 8. Bh4
d6 9. Qd3 Qe7 10. Nbd2 a6 11. Bxc6 bxc6 12. dxe5 dxe5 13. Nc4 Rd8 14. Qc2 Qe6
15. Nfxe5 Bc5 16. b3 g5 17. Bg3 Nh5 18. Rfe1 Nxg3 19. hxg3 f6 20. Nd3 Ba7 21.
Rad1 Qg4 22. Ne3 Qxe4 23. Nc5 Rxd1 24. Qxe4 Rxe1+ 25. Kh2 Bxc5 26. Qg6+ Kf8 27.
Qxf6+ Kg8 28. Qxc6 Bxe3 29. Qxa8 Bxf2 30. Qxc8+ Kg7 31. Qxc7+ Kg6 32. Qc6+ Kg7
33. Qd7+ Kg6 34. Qd3+ Kg7 35. Qd2 Bg1+ 36. Kh3 Re4 37. Qd7+ Kf6 38. Qc6+ Kf5
39. Qd5+ Re5 40. Qf7+ 1-0

[Event "Campeonato Pan-Americano Sub-20 Absoluto"]
[Site "CXSP, São Paulo"]
[Date "2012.07.01"]
[Round "4.7"]
[White "Goncalves, Leonardo Yamamoto Po"]
[Black "Santiago, Yago De Moura"]
[Result "0-1"]
[WhiteElo "1848"]
[BlackElo "2347"]
[PlyCount "92"]
[EventDate "2012.06.29"]

1. Nf3 f5 2. d3 d5 3. Nbd2 Nf6 4. c3 Nc6 5. e4 dxe4 6. dxe4 Nxe4 7. Nxe4 Qxd1+
8. Kxd1 fxe4 9. Ng5 Bf5 10. Bc4 Ne5 11. Bb3 h6 12. Ne6 Kd7 13. Nc5+ Kc6 14. Ne6
g6 15. Ke2 Nd3 16. Nd4+ Kd7 17. Nxf5 gxf5 18. Rd1 e5 19. Bc4 Bd6 20. Bxd3 exd3+
21. Rxd3 h5 22. Be3 Ke6 23. g3 h4 24. c4 hxg3 25. hxg3 e4 26. Rdd1 Rh2 27. Rg1
Rg8 28. Kf1 b6 29. b3 a5 30. Rc1 a4 31. bxa4 Ra8 32. Rg2 Rh7 33. Rc2 Rxa4 34.
Ke2 Rh1 35. f3 Ra3 36. fxe4 fxe4 37. Bc1 Rxg3 38. Rxg3 Bxg3 39. Ke3 Re1+ 40.
Kd2 Kf5 41. Rc3 e3+ 42. Kc2 Rxc1+ 43. Kxc1 e2 44. Re3 Bf4 45. Kd2 Bxe3+ 46.
Kxe2 Ke4 0-1

[Event "Campeonato Pan-Americano Sub-20 Absoluto"]
[Site "CXSP, São Paulo"]
[Date "2012.07.01"]
[Round "4.11"]
[White "Espinoza Palomino, Willyam"]
[Black "Takeda, Lucas Koji"]
[Result "1-0"]
[WhiteElo "2327"]
[BlackElo "1902"]
[PlyCount "49"]
[EventDate "2012.06.29"]

1. e4 c5 2. Nf3 a6 3. c4 Nc6 4. d4 cxd4 5. Nxd4 e6 6. Nc3 Qc7 7. Be2 Nf6 8. O-O
Bb4 9. Nxc6 bxc6 10. Qc2 d5 11. cxd5 Bxc3 12. Qxc3 O-O 13. d6 Qd7 14. e5 Nd5
15. Qh3 f5 16. f4 a5 17. Be3 Ba6 18. Bxa6 Rxa6 19. Bc5 Rb8 20. Qa3 Qb7 21. b3
Qb5 22. Rac1 a4 23. b4 Nxb4 24. d7 Qa5 25. Bxb4 1-0

[Event "Campeonato Pan-Americano Sub-20 Absoluto"]
[Site "CXSP, São Paulo"]
[Date "2012.07.01"]
[Round "4.12"]
[White "Garkauskas, Otto Dmitry"]
[Black "Torres, Juan Camilo"]
[Result "0-1"]
[WhiteElo "2086"]
[BlackElo "2337"]
[PlyCount "62"]
[EventDate "2012.06.29"]

1. d4 d5 2. c4 c6 3. Nf3 Nf6 4. Nc3 dxc4 5. a4 Bf5 6. e3 e6 7. Ne5 Nbd7 8. Nxd7
Qxd7 9. Bxc4 Bb4 10. O-O O-O 11. f3 Rfd8 12. Qb3 a5 13. Rd1 Bg6 14. e4 h6 15.
Be3 Rac8 16. Kh1 Qc7 17. Ne2 Nd7 18. Nf4 Nf8 19. Rf1 Bd6 20. Nxg6 Nxg6 21. g3
Rd7 22. f4 Re8 23. e5 Bb4 24. f5 exf5 25. Rxf5 b5 26. e6 bxc4 27. exd7 Qxd7 28.
Qc2 Rxe3 29. Raf1 Qxd4 30. Rxf7 Qd5+ 31. Kg1 Bc5 0-1

[Event "Campeonato Pan-Americano Sub-20 Absolut"]
[Site "CXSP, São Paulo"]
[Date "2012.07.01"]
[Round "4.13"]
[White "Quintiliano Pinto, Renato R"]
[Black "Massarioli, Felipe Alvarenga"]
[Result "1-0"]
[WhiteElo "2272"]
[BlackElo "2027"]
[PlyCount "97"]
[EventDate "2012.06.29"]

1. d4 d5 2. c4 c6 3. Nf3 Nf6 4. e3 a6 5. Nc3 g6 6. a4 Bg7 7. Be2 O-O 8. a5 dxc4
9. Bxc4 b5 10. axb6 Nbd7 11. O-O Qxb6 12. e4 e6 13. Qe2 Bb7 14. b4 e5 15. Na4
Qc7 16. Bb2 exd4 17. Bxd4 Nh5 18. Bxg7 Nxg7 19. Rfd1 Ne5 20. Nxe5 Qxe5 21. Nc5
Bc8 22. Bxa6 Ne6 23. Nxe6 Bxe6 24. Rab1 Rab8 25. Qe3 Kg7 26. f4 Qf6 27. Rd6 c5
28. e5 Qf5 29. Bd3 Qg4 30. h3 Qh4 31. bxc5 Rxb1+ 32. Bxb1 Rb8 33. Rd1 Rb4 34.
Be4 Rc4 35. Rc1 Rxc1+ 36. Qxc1 Qd8 37. Bf3 Qd4+ 38. Kh1 Qf2 39. Qc3 Qg3 40. Qe3
h5 41. c6 h4 42. c7 Kh7 43. Kg1 Kg7 44. Kh1 Kh7 45. Qc3 Kg7 46. Kg1 Kh7 47. Kf1
Kg7 48. c8=Q Bxc8 49. e6+ 1-0

[Event "Campeonato Pan-Americano Sub-20 Absoluto"]
[Site "CXSP, São Paulo"]
[Date "2012.07.01"]
[Round "4.14"]
[White "Araujo, Renan Aparecido"]
[Black "Olivares Olivares, Claudio"]
[Result "1-0"]
[WhiteElo "1878"]
[BlackElo "2251"]
[PlyCount "105"]
[EventDate "2012.06.29"]

1. d4 Nf6 2. c4 g6 3. Nc3 Bg7 4. Nf3 O-O 5. e4 d6 6. Be2 e5 7. O-O Nc6 8. d5
Ne7 9. Ne1 Nd7 10. Be3 f5 11. f3 f4 12. Bf2 g5 13. Nd3 Rf6 14. Rc1 a6 15. c5
Rh6 16. c6 bxc6 17. dxc6 Nf6 18. Nxe5 Be6 19. Bc4 Bxc4 20. Nxc4 Nxc6 21. Nd5
Nd7 22. Nxf4 gxf4 23. Qd5+ Kh8 24. Qxc6 Rc8 25. Rfd1 Ne5 26. Nxe5 Bxe5 27. Rc2
Qg5 28. Kh1 Qg7 29. Qxa6 Rg8 30. Qf1 c5 31. b3 Rg6 32. Bg1 h5 33. a4 h4 34. h3
Rb8 35. Rb1 Qf6 36. Ra2 Qe6 37. Qd1 Rg7 38. Qd5 Qxd5 39. exd5 Rgb7 40. a5 Rxb3
41. Rxb3 Rxb3 42. a6 Rb8 43. Bf2 Kg7 44. a7 Ra8 45. Bxh4 Kf7 46. Kg1 Ke8 47.
Kf1 Kd7 48. Ke2 Kc7 49. Kd3 Kb7 50. Ke4 Bd4 51. Be7 Be3 52. Bxd6 c4 53. Bb8 1-0

[Event "Campeonato Pan-Americano Sub-20 Absolut"]
[Site "CXSP, São Paulo"]
[Date "2012.07.01"]
[Round "4.16"]
[White "Nolasco, Vitor"]
[Black "Mandetta, Joao Danilo"]
[Result "0-1"]
[WhiteElo "1918"]
[BlackElo "2132"]
[PlyCount "86"]
[EventDate "2012.06.29"]

1. e4 c5 2. Nf3 e6 3. d4 cxd4 4. Nxd4 Nf6 5. Nc3 d6 6. Bc4 Nc6 7. Bb3 Be7 8.
Be3 a6 9. O-O O-O 10. f4 Nxd4 11. Bxd4 b5 12. a3 Bb7 13. Qd3 Qc7 14. f5 e5 15.
Be3 h6 16. h3 Bc6 17. Rfd1 Rac8 18. Rac1 Qb7 19. Bd5 Bxd5 20. Nxd5 Nxd5 21.
exd5 Bf6 22. b3 e4 23. Qd2 Bc3 24. Qf2 Rfe8 25. Bf4 Rc5 26. Bxd6 Rxd5 27. Bc5
Ree5 28. b4 Qd7 29. Qe2 Bd2 30. Rb1 Rxf5 31. Kh1 Rfe5 32. Rf1 f5 33. Be3 Bxe3
34. Qxe3 g5 35. g3 Rd2 36. Rf2 Rxf2 37. Qxf2 f4 38. g4 e3 39. Qg1 Qd5+ 40. Kh2
Qd2+ 41. Qg2 f3 42. Qxd2 exd2 43. Rd1 Re1 0-1

[Event "Campeonato Pan-Americano Sub-20 Absoluto"]
[Site "CXSP, São Paulo"]
[Date "2012.07.01"]
[Round "4.17"]
[White "Oliveira, Guilherme Martins G"]
[Black "Goncalves, Ivan Mesquita V"]
[Result "0-1"]
[WhiteElo "1729"]
[BlackElo "2100"]
[PlyCount "60"]
[EventDate "2012.06.29"]

1. c4 e6 2. g3 d5 3. Bg2 Nf6 4. b3 Be7 5. Nf3 O-O 6. O-O dxc4 7. bxc4 c5 8. Bb2
Nc6 9. d3 Qc7 10. Nc3 a6 11. e3 Rd8 12. Qe2 Rb8 13. Rab1 b5 14. cxb5 axb5 15.
Ba1 b4 16. Nd1 Ra8 17. d4 Ba6 18. Qc2 Bxf1 19. Bxf1 Qa5 20. Bc4 cxd4 21. Nxd4
Nxd4 22. Bxd4 Rac8 23. Qb3 h5 24. Nb2 Nd5 25. Na4 Rxc4 26. Qxc4 Qxa4 27. e4 Nf6
28. Be3 Qd7 29. Bc5 Re8 30. Qd4 Bxc5 0-1

[Event "Campeonato Pan-Americano Sub-20 Absoluto"]
[Site "CXSP, São Paulo"]
[Date "2012.07.01"]
[Round "4.18"]
[White "Sztokbant, Bernardo Vainzoff"]
[Black "De Carvalho, Igor Lorenzon"]
[Result "1-0"]
[WhiteElo "2093"]
[BlackElo "1867"]
[PlyCount "41"]
[EventDate "2012.06.29"]

1. e4 c6 2. d4 d5 3. e5 Bf5 4. Nc3 a6 5. Be3 Qc7 6. f4 h5 7. Bd3 Bxd3 8. Qxd3
e6 9. Nf3 Nh6 10. O-O-O Nf5 11. Bf2 c5 12. dxc5 Bxc5 13. Nxd5 exd5 14. Bxc5
Qxc5 15. Qxf5 O-O 16. Qxh5 Qe3+ 17. Kb1 Qxf4 18. Ng5 Qf5 19. e6 Rc8 20. exf7+
Kf8 21. Nh7+ 1-0

[Event "Campeonato Pan-Americano Sub-20 Absoluto"]
[Site "CXSP, São Paulo"]
[Date "2012.07.01"]
[Round "4.19"]
[White "Vasconcelos, Paulo Cesar Da S"]
[Black "Barros, Guilherme Wang De Fa"]
[Result "1-0"]
[WhiteElo "1842"]
[BlackElo "2036"]
[PlyCount "33"]
[EventDate "2012.06.29"]

1. d4 Nf6 2. c4 g6 3. Nc3 Bg7 4. e4 d6 5. Be2 O-O 6. h4 h5 7. Be3 Nc6 8. Qd2
Re8 9. Rd1 Ng4 10. Bxg4 Bxg4 11. f3 Bd7 12. Nce2 a6 13. Bh6 b5 14. Bxg7 Kxg7
15. c5 dxc5 16. dxc5 Be6 17. Qc3+ 1-0

[Event "Campeonato Pan-Americano Sub-20 Absoluto"]
[Site "CXSP, São Paulo"]
[Date "2012.07.01"]
[Round "4.20"]
[White "Sergio Filho, Claudio Santos"]
[Black "De Almeida, Heitor"]
[Result "0-1"]
[WhiteElo "1920"]
[BlackElo "2033"]
[PlyCount "98"]
[EventDate "2012.06.29"]

1. e4 e6 2. d3 d5 3. Nd2 Nf6 4. Ngf3 c5 5. g3 Nc6 6. Bg2 Be7 7. O-O O-O 8. e5
Nd7 9. Qe2 b5 10. c3 a5 11. Re1 Ba6 12. h4 a4 13. Nf1 Nb6 14. d4 b4 15. Qd1 a3
16. h5 axb2 17. Bxb2 Nc4 18. Qc2 Rc8 19. N1d2 Nxb2 20. Qxb2 bxc3 21. Qxc3 cxd4
22. Nxd4 Bb4 23. Nxc6 Bxc3 24. Nxd8 Bxa1 25. Nxe6 fxe6 26. Rxa1 Rc2 27. Nf3 Bc4
28. Nd4 Rxa2 29. Rxa2 Bxa2 30. Nxe6 Rf5 31. f4 Rxh5 32. Nc7 d4 33. Bf1 Rh6 34.
Nb5 Rc6 35. Nxd4 Rc3 36. Kf2 Bd5 37. f5 h6 38. Be2 Kf8 39. Nf3 Bxf3 40. Bxf3
Rc5 41. f6 Rxe5 42. fxg7+ Kxg7 43. g4 Kf6 44. Kg3 Kg5 45. Bd1 Re3+ 46. Bf3 Ra3
47. Kf2 Kf4 48. Bd1 Ra2+ 49. Ke1 Ke3 0-1